| 000 | 00367 a2200145 4500 | ||
|---|---|---|---|
| 001 | 55525 | ||
| 082 | _a621.382 RAP | ||
| 090 |
_c34463 _d34463 |
||
| 100 | _aRappaport, Theodore S. | ||
| 245 | _aWireless communications: principles and applications, 2nd Ed | ||
| 250 | _a2 | ||
| 260 |
_aNJ _bPrentic-Hall _c2002 |
||
| 300 | _axvi, 787 p | ||
| 500 | _aMS textbook | ||
| 942 |
_aNUST-CAE _k621.382 RAP |
||
| 999 |
_c290598 _d290598 |
||